logo

Bir Sreshtho Munshi Abdur Rouf Library
Jhenaidah Cadet College

Selected poems and prose / (Record no. 7250)

MARC details
000 -LEADER
fixed length control field 00704nam a2200241 a 4500
001 - CONTROL NUMBER
JCCL Control Number 7250
003 - CONTROL NUMBER IDENTIFIER
JCCL marc code BD-JhCC
005 - DATE AND TIME OF LATEST TRANSACTION
control field 20180206184323.0
008 - FIXED-LENGTH DATA ELEMENTS--GENERAL INFORMATION
fixed length control field 500101s1964 enk 000 0 eng d
035 ## - SYSTEM CONTROL NUMBER
system control number (BD-JhCC)7250
040 ## - CATALOGING SOURCE
Original cataloging agency DZM
Modifying agency EQO
-- BD-JhCC
041 ## - LANGUAGE CODE
Language code of Book eng
082 ## - DEWEY DECIMAL CLASSIFICATION NUMBER
Classification number 891.74209
Author mark and Year ARN 1964
100 1# - MAIN ENTRY--PERSONAL NAME
Personal name Arnold, Matthew,
Dates associated with a name 1822-1888.
245 10 - TITLE STATEMENT
Title Selected poems and prose /
Statement of responsibility, etc Matthew Arnold ; chosen and edited by F.W. Watt.
260 ## - PUBLICATION, DISTRIBUTION, ETC. (IMPRINT)
Place of publication, distribution, etc London :
Name of publisher, distributor, etc Oxford University Press,
Date of publication, distribution, etc 1964.
300 ## - PHYSICAL DESCRIPTION
Pagination 201 p. ;
Dimensions 19 cm
600 ## - SUBJECT ADDED ENTRY--PERSONAL NAME
Personal name Gorky, Maksim,
Dates associated with a name 1868-1936
700 1# - ADDED ENTRY--PERSONAL NAME
Personal name Watt, F. W.
Fuller form of name (Frank William),
Dates associated with a name 1927-
830 #0 - SERIES ADDED ENTRY--UNIFORM TITLE
Uniform title New Oxford English series
942 ## - ADDED ENTRY ELEMENTS (KOHA)
Source of classification or shelving scheme Dewey Decimal Classification
Koha item type Books
Holdings
Source of classification or shelving scheme Damaged status Not for loan Home library Current library Shelving location Date of accession Total Checkouts Full call number Barcode Date last seen Copy number Koha item type
Dewey Decimal Classification     JCC Rouf Library JCC Rouf Library General Stacks 02/06/2018   891.74209 ARN 1964 8918 02/06/2018 C-1 Books

JCC Library | Contacts | JCC Home

Last Update on 23 September 2017
Copyright @ 2017-2020 JCC Rouf Library
Rouf Library, Jhenidah Cadet College (JCC), Bangladesh